00337nam a2200121 a 450000100080000000500110000800800410001924500890006026000370014930000100018665000100019665300090020614989882024-09-10 1984 bl uuuu 00u1 u #d aFRUTICULTURA tropical no estado do Acre (estudos básicos em agronomia - Polo Acre). aRio Branco, AC: CNPq: INPAc1984 a52 f. aFruta aAcre